Classifica Serie B 2012-2013 - Statistics

Statistiche generali
  • Questo quiz è stato fatto 45 volte
  • Il punteggio medio è 16 su 22
Statistiche sulle risposte
Squadra Punti Vinte Pareggiate Perse Gol fatti Gol subiti % Corretto
Sassuolo 85 25 10 7 78 40
92%
Hellas Verona 82 23 13 6 67 32
84%
Empoli 73 20 13 9 59 51
80%
Livorno 80 23 11 8 77 47
80%
Spezia 51 12 15 15 52 58
80%
Cittadella 50 12 14 16 48 61
76%
Novara 64 19 10 13 73 46
76%
Reggina 49 12 15 15 42 51
76%
Bari 53 16 12 14 55 47
72%
Brescia 62 15 17 10 58 50
72%
Crotone 53 14 13 15 45 56
72%
Modena 55 15 12 15 52 51
72%
Ternana 53 12 17 13 37 38
72%
Ascoli 41 11 9 22 48 67
68%
Cesena 50 12 14 16 46 59
68%
Varese 60 16 13 13 55 53
68%
Vicenza 42 10 12 20 41 58
68%
Virtus Lanciano 48 9 21 12 50 60
68%
Grosseto 28 7 13 22 44 67
64%
Juve Stabia 50 12 14 16 54 65
64%
Padova 53 12 17 13 47 51
64%
Pro Vercelli 33 8 9 25 37 67
48%
Nessun quiz corrispondente trovato
Distribuzione punteggi
Percentuale di utenti per punteggio
Percentile per numero di risposta
I tuoi punteggi nel tempo
Non hai fatto questo quiz